Nammu-nammakapō! (Record no. 63528)
[ view plain ]
| 000 -LEADER | |
|---|---|
| fixed length control field | 00747cam a22002531 4500 |
| 001 - CONTROL NUMBER | |
| control field | sa 65004098 |
| 003 - CONTROL NUMBER IDENTIFIER | |
| control field | DLC |
| 005 - DATE AND TIME OF LATEST TRANSACTION | |
| control field | 20260227112128.0 |
| 008 - FIXED-LENGTH DATA ELEMENTS--GENERAL INFORMATION | |
| fixed length control field | 940922s1963 ii 000 0 telo |
| 010 ## - LIBRARY OF CONGRESS CONTROL NUMBER | |
| LC control number | sa 65004098 |
| 025 ## - OVERSEAS ACQUISITION NUMBER | |
| Overseas acquisition number | PL480:I-Te-828 |
| 035 ## - SYSTEM CONTROL NUMBER | |
| System control number | (OCoLC)31160520 |
| 040 ## - CATALOGING SOURCE | |
| Original cataloging agency | DLC |
| Transcribing agency | CU |
| Modifying agency | CU |
| -- | DLC |
| 042 ## - AUTHENTICATION CODE | |
| Authentication code | premarc |
| 050 00 - LIBRARY OF CONGRESS CALL NUMBER | |
| Classification number | PL4780.9.A59 |
| Item number | N3 |
| 100 2# - MAIN ENTRY--PERSONAL NAME | |
| Personal name | Appala Narasimha Prasad, Tholeti, |
| Dates associated with a name | 1940- |
| 245 10 - TITLE STATEMENT | |
| Title | Nammu-nammakapō! |
| 260 ## - PUBLICATION, DISTRIBUTION, ETC. | |
| Date of publication, distribution, etc. | [1963] |
| 300 ## - PHYSICAL DESCRIPTION | |
| Extent | iii, 73 p. |
| Dimensions | 19 cm. |
| 500 ## - GENERAL NOTE | |
| General note | In Telugu. |
| 500 ## - GENERAL NOTE | |
| General note | Based on Sir Arthur Conan Doyle's the Hound of the Baskervilles. |
| 700 1# - ADDED ENTRY--PERSONAL NAME | |
| Personal name | Subbārāvu, Kōrāḍa Veṅkaṭa. |
| 700 1# - ADDED ENTRY--PERSONAL NAME | |
| Personal name | Doyle, Arthur Conan, |
| Dates associated with a name | 1859-1930. |
| Title of a work | Hound of the Baskervilles. |
No items available.